« Devenir forgeron » » (notice n° 1595484)
[ vue normale ]
| 000 -LEADER | |
|---|---|
| fixed length control field | 01774cam a2200241 4500500 |
| 005 - DATE AND TIME OF LATEST TRANSACTION | |
| control field | 20251228073557.0 |
| 041 ## - LANGUAGE CODE | |
| Language code of text/sound track or separate title | fre |
| 042 ## - AUTHENTICATION CODE | |
| Authentication code | dc |
| 100 10 - MAIN ENTRY--PERSONAL NAME | |
| Personal name | Boudailliez, Sylvie |
| Relator term | author |
| 245 00 - TITLE STATEMENT | |
| Title | « Devenir forgeron » » |
| 260 ## - PUBLICATION, DISTRIBUTION, ETC. | |
| Date of publication, distribution, etc. | 2015.<br/> |
| 500 ## - GENERAL NOTE | |
| General note | 77 |
| 520 ## - SUMMARY, ETC. | |
| Summary, etc. | Le cas de ce jeune adolescent entendu au cours d’une présentation clinique indique un déficit de la fonction symbolique relevé à plusieurs égards dans le discours de ce sujet psychotique, qui, quant à lui, ne se présente en aucun cas comme déficitaire. Le sujet révèle, au contraire, un potentiel du côté de la parole qui lui permet, d’une part, de tracer les points marquants de son histoire, où se repère l’élément déclenchant de sa psychose, et, d’autre part, de trouver par son projet « devenir forgeron » une façon de se protéger d’un Autre qui le persécute. |
| 520 ## - SUMMARY, ETC. | |
| Summary, etc. | “To be a blacksmith”The discourse of a psychotic teenager heard during a clinical presentation betrays a conspicuously deficient symbolic function. He, however, ignores this lack. On the contrary, he seems to enjoy a high linguistic potentiality which allows him to relate in details his story, revealing, though unaware, the triggering event of his psychosis. It becomes clear that “to be a blacksmith” serves to protect him from the persecuting Other. |
| 690 ## - LOCAL SUBJECT ADDED ENTRY--TOPICAL TERM (OCLC, RLIN) | |
| Topical term or geographic name as entry element | déficit de la fonction symbolique |
| 690 ## - LOCAL SUBJECT ADDED ENTRY--TOPICAL TERM (OCLC, RLIN) | |
| Topical term or geographic name as entry element | potentiel de parole |
| 690 ## - LOCAL SUBJECT ADDED ENTRY--TOPICAL TERM (OCLC, RLIN) | |
| Topical term or geographic name as entry element | Psychose |
| 690 ## - LOCAL SUBJECT ADDED ENTRY--TOPICAL TERM (OCLC, RLIN) | |
| Topical term or geographic name as entry element | deficient symbolic function |
| 690 ## - LOCAL SUBJECT ADDED ENTRY--TOPICAL TERM (OCLC, RLIN) | |
| Topical term or geographic name as entry element | potentiality of language |
| 690 ## - LOCAL SUBJECT ADDED ENTRY--TOPICAL TERM (OCLC, RLIN) | |
| Topical term or geographic name as entry element | Psychosis |
| 786 0# - DATA SOURCE ENTRY | |
| Note | Savoirs et clinique | 20 | 1 | 2015-12-29 | p. 102-106 | 1634-3298 |
| 856 41 - ELECTRONIC LOCATION AND ACCESS | |
| Uniform Resource Identifier | <a href="https://shs.cairn.info/revue-savoirs-et-cliniques-2016-1-page-102?lang=fr&redirect-ssocas=7080">https://shs.cairn.info/revue-savoirs-et-cliniques-2016-1-page-102?lang=fr&redirect-ssocas=7080</a> |
Pas d'exemplaire disponible.




Réseaux sociaux